000 01385cam a2200313 a 4500
001 1982594
003 AUA.1
005 20121106095915.0
008 890830s1990 cau b 001 0 eng
010 _a 89045989
020 _a0062505211
040 _aDLC
_cDLC
_dDLC
050 0 0 _aBD 232
_b.L48 1990
082 0 0 _a170
_220
100 1 _aLewis, Hunter.
_924059
245 1 2 _aA question of values :
_bsix ways we make the personal choices that shape our lives /
_cHunter Lewis.
250 _a1st ed.
260 _aSan Francisco :
_bHarper & Row,
_cc1990.
300 _axi, 282 p. ;
_c22 cm.
504 _aIncludes bibliographical references (p. [265]-268) and index.
650 0 _aValues.
_924060
650 0 _aDecision making.
_924061
906 _a7
_bcbc
_corignew
_d1
_eocip
_f19
_gy-gencatlg
942 _2lcc
_cBOOK
_hBD 232
_i.L48 1990
999 _c7042
_d7042